000
00324nam a2200133Ia 4500
008
240624s9999 xx 000 0 und d
041
_a
eng
082
_a
828 GAN
100
_a
DESAI MAHADEV
245
_a
VINOBA KE VICHAR
260
_c
2008
_a
New Delhi
_b
Sasta Sahitya Mandal
300
_a
414 p.; 22 cm.
365
_c
RS
_b
25
999
_c
29612
_d
29612